000 01018cam a2200301 i 4500
001 167
003 CO-MdFUSB
005 20220622123801.0
008 160531t1995 us f |||| 00| 0 eng d
040 _aCO-MdFUSB
_bEspañol
_cCO-MdFUSB
_dCO-MdFUSB
_erda
041 0 _aeng
082 0 4 _a225.3
_bK625t
100 1 _aKittel, Gerhard (1888-1948)
245 0 0 _aTheological dictionary of the New Testament
_c / Gerhard Kittel, Editor; Geofferey W. Bromiley, Traductor y editor.
264 1 _aGrand Rapids, Michigan
_b: Eerdmans,
_c[1995]
264 4 _c© 1995
300 _a793 Pag.
_c;
336 _2rdacontent
_atexto
_btxt
337 _2rdamedia
_asin mediación
_bn
338 _2rdacarrier
_avolumen
_bnc
500 _aTraducido de : Theologisches Wörterbuch zum Neuen Testament
505 _a1. Inhdex of English Keywords 2. Contribution and Co-Workers
630 0 7 _aBiblia.
_pNuevo Testamento
630 0 _aLibros básicos de teología.
653 _aDiccionarios
942 _cBK
945 _aEstudiante
999 _c31704
_d31704